Estatísticas para Autores de clássicos da literatura brasileira

Clique aqui para jogar o quiz

Estatísticas Gerais

  • Esse quiz foi jogado 360 vezes
  • A pontuação média é 6 de 10

Estatísticas das Respostas

HintResposta% Correto
Memórias Póstumas de Brás CubasMachado de Assis
97%
IracemaJosé de Alencar
82%
Tieta do AgresteJorge Amado
63%
Grande Sertão: VeredasGuimarães Rosa
62%
São BernardoGraciliano Ramos
51%
O CortiçoAluísio de Azevedo
50%
O Triste Fim de Policarpo QuaresmaLima Barreto
50%
MacunaímaMário de Andrade
50%
Noite na TavernaÁlvares de Azevedo
31%
A MoreninhaJoaquim Manuel de Macedo
20%

Distribuição das Pontuações

Percentil de Números Respondidos

Porcentagem de Pessoas com Cada Pontuação

Sua Pontuação Histórica

Você não jogou esse quiz